000 00807nam a2200205Ia 4500
003 GCL
008 140319s9999 xx 000 0 ara d
020 _a0318327977
040 _aGCL /
_cGCL
082 0 4 _a746.1
_bع ن
100 1 _aعائشة عبدالعزيز التهامى
245 1 0 _aالنسيج فى العالم الاسلامى منذ القرن ( 18 - 11 هـ \ 14- 17 م ) :
_bدراسة آثرية فنية /
_cعائشة عبدالعزيز التهامى
250 _aالاولى
260 _aالقاهرة :
_bدار الوفاء لدنيا الطباعة والنشر ،
_c2003
300 _a493 ص ؛
_c24 سم
650 0 4 _aالغزل والنسيج
650 0 4 _aالغزل والنسيج - صناعة وتجارة
650 0 4 _aالنسيج - تاريخ
942 _2ddc
_cBK
999 _c5252
_d5252